Teología radical y la muerte de Dios

Gardado en:
Detalles Bibliográficos
Main Authors: Altizer, Thomas J (Author), Hamilton, William (Author)
Formato: Libro
Idioma:Lingua castelá
Publicado: Barcelona Grijalbo 1967
Edición:1a. ed
Subjects:
Tags: Engadir etiqueta
Sen Etiquetas, Sexa o primeiro en etiquetar este rexistro!

MARC

LEADER 00000nam a2200000 a 4500
001 UCR2207
003 CL-VaPUC
008 980109e19670000SP |||||||||||||||||spa|d
082 0 4 |a 211  |b ALT  |2 21 
100 0 |a Altizer, Thomas J  |e author  |9 400001 
700 |a Hamilton, William  |e author  |9 478643 
245 1 0 |a Teología radical y la muerte de Dios 
250 |a 1a. ed 
300 |a 234 p 
942 |c BK 
945 |d 19980109 00:00:00  |a rleighto 
260 |a Barcelona  |b Grijalbo  |c 1967 
600 0 |a Dios  |9 314467 
650 0 |a Teología   |9 258766 
650 0 |a Cristianismo  |9 257361 
583 |a last modification  |c 19980109 00:00:00  |k Rodrigo Vera 
999 |c 265465  |d 265463 
952 |0 0  |1 0  |4 0  |6 211_000000000000000_ALT_1967  |7 0  |8 A  |9 296399  |a BIBTEO  |b BIBTEO  |d 2019-11-20  |i 3369722  |l 5  |m 1  |o 211 ALT 1967  |p 3369722  |r 2025-01-17  |s 2023-03-29  |w 2019-11-20  |y BK  |k ICR 
952 |0 0  |1 0  |4 0  |6 211_000000000000000_ALT_1967  |7 0  |8 A  |9 296400  |a BIBTEO  |b BIBTEO  |d 2019-11-20  |i 424513K  |l 4  |m 1  |o 211 ALT 1967  |p 424513K  |r 2025-01-17  |s 2023-04-24  |w 2019-11-20  |y BK  |k ICR